| 000 | 00937nam a2200241Ia 4500 | ||
|---|---|---|---|
| 999 |
_c34852 _d34852 |
||
| 001 | 669 | ||
| 003 | GE_BSU | ||
| 005 | 20200129105442.0 | ||
| 008 | 181216s2008||||ge |||||||||||||| ||geo|| | ||
| 040 | _cGE_BSU | ||
| 041 | _ageo | ||
| 080 | _a616-089.(075.8) ლ-34 | ||
| 100 |
_aლებანიძე, ნ. _96477 |
||
| 245 |
_aანესთეზიოლოგია და რეანიმატოლოგია : _bკითხვებსა და პასუხებში / _c ნ. ლებანიძე, ს. ქაჯაია. |
||
| 264 |
_aთბილისი, _c2008. |
||
| 300 |
_a523 გვ.; _b28 სმ. |
||
| 504 | _aბიბლიოგრ.: გვ. 511. | ||
| 653 | _aანეზთეზიოლოგია | ||
| 653 | _aრეანიმატოლოგია | ||
| 653 | _aმედიცინა | ||
| 700 |
_a ქაჯაია, ს. _eავტორი _96478 |
||
| 942 |
_cBK _2udc |
||